000 00667cam a22001935a 4500
001 L157651
008 130220s1878 xxk f 000 0 eng d
035 _a(Sirsi) u157651
041 0 _aeng
110 2 _aStockton & Middlesbrough Water Works Company
_96122
245 0 1 _a[Volume of graphs etc.]
260 _a[England
_bStockton & Middlesbrough Water Works Company
_c1878]
300 _a1 v.
_bgraphs and diagrams
_c54 cm.
520 _aContains graphs showing such things as the rise in population served by the company.
583 _aCondition reviewed
_c20120620
_lcondition level 2
651 4 _aEngland
_y886-
690 _aInfrastructure
_96246
942 _n0
999 _c114898
_d114898